000 00633nam a2200241Ia 4500
003 OSt
005 20220925212425.0
006 a|||||r|||| 00| 0
007 ta
008 220923b |||||||| |||| 00| 0 eng d
037 _cGeneral Book
040 _aRTL
_cRTL
_beng
041 _2eng
_aeng
082 _aXxM06, L6
100 _aHalliday R J
_9276770
245 0 _aJohn Stuart Mill
260 _aLondon
_bAllen & Unwin
_c1978
300 _a151p
_ccm.
490 _aPolitical Thinkers; 4
500 _aBibliography: P 144-48
942 _hXxM06, L6
_cGB
_2CC
999 _c560291
_d560291